Networks and systems / (Record no. 176382)
[ view plain ]
| 000 -LEADER | |
|---|---|
| fixed length control field | 01136 a2200193 4500 |
| 003 - CONTROL NUMBER IDENTIFIER | |
| control field | Nust |
| 005 - DATE AND TIME OF LATEST TRANSACTION | |
| control field | 20221031103555.0 |
| 010 ## - LIBRARY OF CONGRESS CONTROL NUMBER | |
| LC control number | 88141054 |
| 020 ## - INTERNATIONAL STANDARD BOOK NUMBER | |
| International Standard Book Number | 9971513129 |
| 040 ## - CATALOGING SOURCE | |
| Transcribing agency | Nust |
| 082 00 - DEWEY DECIMAL CLASSIFICATION NUMBER | |
| Classification number | 621.3192,CHO |
| 100 2# - MAIN ENTRY--PERSONAL NAME | |
| Personal name | Roy Choudhury, D. |
| 9 (RLIN) | 101830 |
| 245 10 - TITLE STATEMENT | |
| Title | Networks and systems / |
| Statement of responsibility, etc. | D. Roy Choudhury. |
| 260 ## - PUBLICATION, DISTRIBUTION, ETC. | |
| Place of publication, distribution, etc. | New York : |
| Name of publisher, distributor, etc. | J. Wiley, |
| Date of publication, distribution, etc. | 1988. |
| 300 ## - PHYSICAL DESCRIPTION | |
| Extent | xi, 924 p. : |
| Other physical details | ill. ; |
| Dimensions | 25 cm. |
| 505 ## - FORMATTED CONTENTS NOTE | |
| Formatted contents note | Basic Circuit Elements and Waveforms (Page-1), Mesh and Node Analysis (Page-42), Graph Theory and Network Equation (Page-102), Fourier Series (Page-187), The Laplace Transform (Page-245), Application of Laplace Transform (Page-276), Network Theorems (Page-316), Resonance (Page-368), Analogous System (Page-391), Two Port Network (Page-432), Attenuators (Page-544), Conventional Filters (Page-557), Convolution Integral (Page-592), State Variable Analysis (Page-624), Network Functions (Page-658), Passive Network Synthesis (Page-699), J7 Feedback System (Page-744), Frequency Response Plots (Page-779), Computer Applications (Page-836), |
| 650 #0 - SUBJECT ADDED ENTRY--TOPICAL TERM | |
| Topical term or geographic name entry element | Electric network analysis. |
| 9 (RLIN) | 10704 |
| 942 ## - ADDED ENTRY ELEMENTS (KOHA) | |
| Source of classification or shelving scheme | |
| Koha item type | Book |
| Withdrawn status | Lost status | Source of classification or shelving scheme | Damaged status | Not for loan | Permanent Location | Current Location | Shelving location | Date acquired | Full call number | Barcode | Date last seen | Price effective from | Koha item type | Public note |
|---|---|---|---|---|---|---|---|---|---|---|---|---|---|---|
| Military College of Signals (MCS) | Military College of Signals (MCS) | General Stacks | 12/12/2016 | 621.3192,CHO | MCS1019 | 12/08/2016 | 12/12/2016 | Book | Almirah No.29, Shelf No.4 |
